LEADER 01100nam a2200301 u 4500 001 000000064387 003 CaOOAMICUS 005 20070226121342.0 008 011119s1986 it u000 u ita u 020 $a8842014273 035 $a10910328 040 $aPUL(R)$bita 100 1 $aAdorno, Francesco.$0(OLS)http://pul/name/7726 245 10$aIntroduzione a Platone /$cdi Francesco Adorno. 250 $a3. ed. 260 $aRoma :$bLaterza,$c1986. 300 $a310 p. ;$c18 cm 490 1 $aI filosofi ;$v29 504 $aBibliografia: p. 281-305. 600 04$aPlato,$d427-347 a.C.$xFilosofia.$0(OLS)http://pul/subject/2945 830 2$aI filosofi (Laterza) ;$v29.$0(OLS)http://pul/title/7858 850 $aPUL 852 $aPUL$W1$xSL Filosofia 1$y2$m81 E 60$j83468$nBK-PRI$b $qStampati$B83468$CPULBib$Z2$F83468 $H $81 941 1 $a8 961 $aINV: 56350 996 $6020$a8842014273$9(OLS)http://pul/number/83576 996 $6245$aIntroduzione a Platone$9(OLS)http://pul/title/27586 996 $6260$aRoma :$bLaterza$9(OLS)http://pul/publisher/47864 LEADER 01441nam a2200277 u 4500 001 000000076143 003 CaOOAMICUS 005 20070226123158.0 008 031110s2002 it u000 u ita u 035 $a10975427 040 $aPUL$bita 100 1 $aPal, Maximilian,$cO.F.M. Conv.$0(OLS)http://pul/name/50655 245 10$a"Error iuris" ed "Error facti" nel momento giuridico negoziale fra fonti normative romano classiche e fonti bizantine /$cMaximilian Pal. 260 $aRomae :$bPontificia Università Lateranense,$c2002. 300 $a321 p. ;$c24 cm 490 1 $aTheses ad doctoratum in utroque iure 502 $aDiss.(doct.)-- Pontificia Universitas Lateranensis, 2002. 504 $aBibliografia in nota ed in appendice. 650 4$aDiritto romano$xFonti.$0(OLS)http://pul/subject/1707 650 4$aDiritto bizantino.$0(OLS)http://pul/subject/2206 830 0$aTheses ad doctoratum in Utroque Iure (Pontificia Universitas Lateranensis).$0(OLS)http://pul/title/103322 850 $aPUL 852 $aPUL$W1$xDP1 Tesi Pon Univ. Lateranense$y41$mTH PUL 1042$j97862$nBK-PRI$b $qTesi$B97862$CPULBib$Z2$F97862 $H93755 $81 941 1 $a16 996 $6245$a"Error iuris" ed "Error facti" nel momento giuridico negoziale fra fonti normative romano classiche e fonti bizantine$9(OLS)http://pul/title/99879 996 $6260$aRomae :$bPontificia Università Lateranense$9(OLS)http://pul/publisher/48628